Komparatívna marketingová analýza vybraných TNK z odevného sektora
Zostavenie stručnej marketingovej analýzy s cieľom poskytnúť jeden konkrétny prístup k cieleniu zákazníkov pomocou empirickej analýzy firemných zákazníkov piatich odevných spoločností, ktorá neskôr poslúži ako základ pre prípadové štúdie do pripravovanej monografie a učebnice ku predmetu Obchodné ro...
Salvato in:
| Autore principale: | |
|---|---|
| Natura: | Capitolo di libro |
| Lingua: | slovacco |
| Soggetti: | |
| Tags: |
Nessun Tag, puoi essere il primo ad aggiungerne!!
|
MARC
| LEADER | 00000naa$a2200000$$$4500 | ||
|---|---|---|---|
| 001 | 0305801 | ||
| 005 | 20250102131705.5 | ||
| 041 | 0 | |a slo | |
| 044 | |a SK | ||
| 245 | 1 | 0 | |a Komparatívna marketingová analýza vybraných TNK z odevného sektora |c Sonia Krajčík Danišová |
| 520 | |a Zostavenie stručnej marketingovej analýzy s cieľom poskytnúť jeden konkrétny prístup k cieleniu zákazníkov pomocou empirickej analýzy firemných zákazníkov piatich odevných spoločností, ktorá neskôr poslúži ako základ pre prípadové štúdie do pripravovanej monografie a učebnice ku predmetu Obchodné rokovania v rámci projektu. | ||
| 610 | 2 | 0 | |a marketing medzinárodný |
| 610 | 2 | 0 | |a analýzy |
| 610 | 2 | 0 | |a priemysel odevný |
| 610 | 2 | 0 | |a rokovania obchodné |
| 610 | 2 | 0 | |a korporácie transnacionálne |
| 610 | 2 | 0 | |a zodpovednosť |
| 610 | 2 | 0 | |a zodpovednosť organizácie |
| 610 | 2 | 0 | |a zodpovednosť podniku spoločenská |
| 610 | 2 | 0 | |a zodpovednosť spoločenská |
| 610 | 2 | 0 | |a analýza komparatívna |
| 610 | 2 | 0 | |a marketing |
| 100 | 1 | |a Krajčík Danišová, Sonia, 1981- | |